000
00470nam a2200157Ia 4500
008
090124s9999 xx 000 0 und d
082
_b
18400
_a
1133
245
_a
बीज ज्ञानेश्र्वरी
250
_a
1
260
_c
1972
300
_a
187
630
_a
बीज ज्ञानेश्र्वरी
700
_a
कानिटकर माधव
730
_a
बीज ज्ञानेश्र्वरी
942
_c
BOOK
999
_c
132341
_d
132341